Trendy roka 2015: mobilný a zážitkový predaj

Výsledky analýza 250-tich najväčších maloobchodných reťazcov z celého sveta, posúdenie ich podľa finančnej výkonnosti, z hľadiska geografického regiónu, produktového sektora a online obchodovania.

Salvato in:
Dettagli Bibliografici
Natura: Capitolo di libro
Lingua:slovacco
Soggetti:
Tags: Aggiungi Tag
Nessun Tag, puoi essere il primo ad aggiungerne!!

MARC

LEADER 00000naa a2200000 4500
001 0199178
005 20231109071122.8
041 0 |a slo 
044 |a SK 
245 1 0 |a Trendy roka 2015: mobilný a zážitkový predaj 
520 |a Výsledky analýza 250-tich najväčších maloobchodných reťazcov z celého sveta, posúdenie ich podľa finančnej výkonnosti, z hľadiska geografického regiónu, produktového sektora a online obchodovania. 
610 2 0 |a maloobchod 
610 2 0 |a reťazce obchodné 
610 2 0 |a obchod elektronický 
610 2 0 |a ruch cestovný 
610 2 0 |a spotrebitelia